Cultura musical; para tercer año, con ejercicios folklóricos y coreografías folklóricas /
Guardado en:
| Autor Principal: | |
|---|---|
| Otros Autores: | |
| Formato: | Libro |
| Publicado: |
Buenos Aires :
Cesarini, 0
|
| Edición: | 23a. ed. |
| Etiquetas: |
Agregar Etiqueta
Sin Etiquetas, Sea el primero en etiquetar este registro!
|
| LEADER | 00919nam a22002055a 4500 | ||
|---|---|---|---|
| 001 | CEM.cems000972 | ||
| 005 | 20060213000000.0 | ||
| 008 | 130507b######################000#0#####d | ||
| 003 | CEMS | ||
| 082 | 0 | 4 | |a 780.7 |
| 100 | 1 | |a Benvenuto, E. L. | |
| 245 | 1 | 0 | |a Cultura musical; para tercer año, con ejercicios folklóricos y coreografías folklóricas / |
| 250 | |a 23a. ed. | ||
| 260 | |a Buenos Aires : |b Cesarini, 0 | ||
| 300 | |a 253 p. | ||
| 505 | 0 | |a Organización didáctica de la obra.-Areciación musical.-Educación auditiva y vocal. Canto.-Lenguaje musical.-Lectura musical.-Historia de la m£sica.-M£sica argentina.-Folklore nacional.-Formas musicales. | |
| 700 | 1 | |a Benvenuto, E. G. | |
| 859 | |a CEMS |b BIB. CEMS - 11 de abril |h 780.7 |i B447-1a23/III |p 9037.81 |t Ej.2 | ||
| 859 | |a CEMS |b BIB. CEMS - 11 de abril |h 780.7 |i B447-1a23/III |p 9039.81 |t Ej.3 | ||
| 859 | |a CEMS |b BIB. CEMS - 11 de abril |h 780.7 |i B447-1a23/III |p 9040.81 |t Ej.1 | ||
